|
|
|
|
| LEADER |
01579nam a2200409 a 4500 |
| 001 |
EBC689664 |
| 003 |
MiAaPQ |
| 005 |
20200520144314.0 |
| 006 |
m o d | |
| 007 |
cr cn||||||||| |
| 008 |
101006s2011 gw sb 101 0 eng d |
| 010 |
|
|
|z 2010041720
|
| 020 |
|
|
|z 9783110245738 (hardcover : alk. paper)
|
| 020 |
|
|
|a 9783110245745 (electronic bk.)
|
| 035 |
|
|
|a (MiAaPQ)EBC689664
|
| 035 |
|
|
|a (Au-PeEL)EBL689664
|
| 035 |
|
|
|a (CaPaEBR)ebr10468339
|
| 035 |
|
|
|a (CaONFJC)MIL316598
|
| 035 |
|
|
|a (OCoLC)754793855
|
| 040 |
|
|
|a MiAaPQ
|c MiAaPQ
|d MiAaPQ
|
| 050 |
|
4 |
|a JC578
|b .S68 2011
|
| 082 |
0 |
4 |
|a 320.01/1
|2 22
|
| 245 |
0 |
0 |
|a Sovereign justice
|h [electronic resource] :
|b global justice in a world of nations /
|c edited by Diogo P. Aurelio, Gabriele De Angelis, and Regina Queiroz.
|
| 260 |
|
|
|a Berlin ;
|a New York :
|b De Gruyter,
|c c2011.
|
| 300 |
|
|
|a vi, 259 p.
|
| 500 |
|
|
|a Proceedings of a conference held in Nov. 2008 in Lisbon, Portugal.
|
| 504 |
|
|
|a Includes bibliographical references and indexes.
|
| 533 |
|
|
|a Electronic reproduction. Ann Arbor, MI : ProQuest, 2015. Available via World Wide Web. Access may be limited to ProQuest affiliated libraries.
|
| 650 |
|
0 |
|a Justice
|v Congresses.
|
| 650 |
|
0 |
|a Cosmopolitanism
|v Congresses.
|
| 650 |
|
0 |
|a Nation-state
|v Congresses.
|
| 655 |
|
4 |
|a Electronic books.
|
| 700 |
1 |
|
|a Aurelio, Diogo Pires.
|
| 700 |
1 |
|
|a De Angelis, Gabriele.
|
| 700 |
1 |
|
|a Queiroz, Regina.
|
| 710 |
2 |
|
|a ProQuest (Firm)
|
| 856 |
4 |
0 |
|u https://ebookcentral.proquest.com/lib/matrademy/detail.action?docID=689664
|z Click to View
|